[Event "RUS-ch Men Rapid 2019"]
[Site "Sochi"]
[Date "2019.10.16"]
[Round "10.28"]
[White "Chekletsov, Ilya"]
[Black "Smagin, Sergey"]
[Result "0-1"]
[WhiteElo "2377"]
[BlackElo "2551"]
[Annotator "TA"]
[PlyCount "134"]
[EventDate "2019.10.15"]
[EventType "swiss"]
[EventCountry "RUS"]
[SourceTitle "playchess.com"]
[Source "ChessBase"]
[SourceQuality "1"]

{[%evp 18,204,8,-8,7,-2,19,-16,0,-33,24,0,0,-26,0,-15,-10,-14,-5,-14,-9,-11,-9,-51,-10,-14,0,0,18,-26,-24,-88,-95,-99,-95,-106,-100,-109,-109,-109,-107,-108,-107,-103,-104,-104,-89,-104,-104,-117,-100,-202,-202,-202,-200,-200,-200,-202,-202,-195,-195,-194,-190,-167,-122,-269,-265,-357,-351,-350,-348,-333,-286,-314,-253,-256,-252,-272,-260,-333,-307,-301,-308,-396,-278,-259,-240,-492,-535,-521,-429,-495,-296,-239,0,-531,-525,-478,-471,-463,-458,-427,-404,-412,-397,-395,-390,-396,-305,-306,-299,-315,-302,-312,-302,-384,-227,-297,0,-383,-307,-312,-300,-295,0,-292,0,-361,-241,-235,-227,-312,-292,-312,-272,-294,-283,-284,-270,-263,-222,-254,-250,-250,-218,-242,-212,-212,-204,-243,0,-204,-204,-204,-139,-261,-243,-5348,-4562,-29983,-29984,-29984,-243,-29985,-29986,-29986,-29987,-29990,-2373,-29991,-1542,-29979,-29979,-29985,-29983,-29985,-29983,-29983,-29984,-29984,-29985,-29985,-29985,-29985,-29986,-29986,-29985,-29985,-29985]} 1. d4 d5 2. c4 e6 3. Nf3 Nd7 4. Nbd2 Ngf6 5. g3 b6 6. Bg2 Bb7 7. O-O Be7 8. b3 O-O 9. Bb2 a5 10. a3 Re8 {E15: Queen's Indian: 4 g3 sidelines, 4 g3 Ba6 and 4 g3 Bb7 early deviations} (10... c5 11. a4 Rc8 12. Rc1 Rc7 13. Ne5 Qa8 14. cxd5 Nxe5 15. dxe5 Nxd5 16. Nc4 Rd8 17. Qc2 Nb4 18. Bxb7 Qxb7 {0-1 (34) Wang,Y (2439)-Zhang,Z (2607) Suzhou 2001}) 11. Rc1 Bd6 $146 ({Predecessor:} 11... Rc8 12. e3 Bd6 13. Ne5 Qe7 14. cxd5 exd5 15. Nxd7 Nxd7 16. a4 Nf6 17. Nc4 Ba6 18. Nxd6 Qxd6 {0-1 (77) Franco Ibanez,C (2028)-Carrasquer Munoz,A (1782) Zaragoza 2017}) 12. Rc2 c5 {The position is equal.} 13. e3 cxd4 ({Black should try} 13... a4 $15) 14. exd4 Qe7 15. Qa1 Rac8 16. Rfc1 Rc7 17. cxd5 Rxc2 18. Rxc2 Bxd5 19. Nc4 Rc8 20. Rc3 h6 (20... a4 $5) 21. Qc1 Ne4 22. Rc2 f5 (22... Rc7 {is interesting.} 23. Ne1 Nef6 24. Ne3 Bxg2 25. Rxc7 Bxc7 26. Kxg2 Nf8) 23. Nfe5 (23. a4 {with more complications.} Nef6 24. Ne3 Rxc2 25. Qxc2 Be4 26. Qc8+) 23... Nxe5 24. Nxe5 (24. Nxd6 $11 {remains equal.} Rxc2 25. Qxc2 Nf3+ 26. Bxf3 Qxd6 27. Bd1) 24... Rxc2 $17 25. Qxc2 Bxe5 26. dxe5 Qb7 27. b4 axb4 28. axb4 Ng5 29. f4 {[#]} Nf3+ $1 30. Bxf3 Bxf3 31. Bd4 Bd5 32. h4 Qa6 33. Kf2 b5 34. h5 (34. Qc1 $17 {is a better defense.}) 34... Qa3 $19 35. Be3 Bc4 36. Qd2 Kh7 37. g4 fxg4 38. Kg3 Bd3 39. Kxg4 Qb3 40. Kg3 Qb1 41. Kh2 (41. Bc5 $17) 41... Be4 {Hoping for ...Qh1+.} 42. Bg1 Qf1 43. Qf2 Qd1 44. Kg3 Bf5 45. Kg2 Qxh5 {[%csl Gf5][%cal Rh5h3]} 46. Qf3 Qg6+ 47. Kf2 Bg4 48. Qe3 Qc2+ 49. Kg3 Bf5 50. Bf2 Qb1 51. Qd2 Qh1 {[%csl Gf5][%cal Rh1h3]} 52. Be1 $2 (52. Bc5) 52... Be4 {( -> ...Qg1+)} (52... Qg1+ $2 53. Kf3 $19) 53. Kf2 Qf3+ 54. Kg1 Qg4+ (54... Kg6 $142 55. Qh2 Kf7) 55. Kf2 Qf3+ $2 (55... Qh3 56. Qe2 Qh4+ 57. Ke3 Qh1) 56. Kg1 Kg6 57. Qh2 Kf5 58. Bg3 Qd1+ 59. Kf2 Qd2+ 60. Kg1 Qe3+ 61. Qf2 Qb3 62. Qh2 Kg6 {...Qb1+ is the strong threat.} 63. Be1 Kh7 64. Qg3 Qc2 65. Qf2 {Now Qxc2 and White clings on.} Qd1 66. Qg3 Qh5 (66... Bf3 $142 67. Qf2 Bc6) 67. Qh2 {[#]} Qf5 {Played: Qh5-d1} 0-1

[Event "RUS-ch Men Rapid 2019"]
[Site "Sochi"]
[Date "2019.10.16"]
[Round "10.29"]
[White "Shkurkin, Andrey"]
[Black "Airapetian, Gor"]
[Result "0-1"]
[WhiteElo "2209"]
[BlackElo "2436"]
[Annotator "NA"]
[PlyCount "64"]
[EventDate "2019.10.15"]
[EventType "swiss"]
[EventCountry "RUS"]
[SourceTitle "playchess.com"]
[Source "ChessBase"]
[SourceQuality "1"]
[TimeControl "900+10"]

1. d4 {[%emt 0:00:00]} Nf6 {[%emt 0:00:00]} 2. c4 {[%emt 0:00:00]} e6 {[%emt 0:00:00]} 3. g3 {[%emt 0:00:00]} d5 {[%emt 0:00:00]} 4. Bg2 {[%emt 0:00:01]} dxc4 {[%emt 0:00:00]} 5. Nf3 {[%emt 0:00:02]} Bb4+ {[%emt 0:00:03]} 6. Bd2 {[%emt 0:01:24]} a5 {[%emt 0:00:03]} 7. O-O {[%emt 0:00:20]} O-O {[%emt 0:00:09]} 8. Qc2 {[%emt 0:01:06]} Bxd2 {[%emt 0:00:06]} 9. Nbxd2 {[%emt 0:00:08]} b5 {[%emt 0:00:04]} 10. a4 {[%emt 0:00:16]} c6 {[%emt 0:00:02]} 11. b3 {[%emt 0:00:44]} cxb3 {[%emt 0:00:11]} 12. Nxb3 {[%emt 0:00:07]} b4 {[%emt 0:00:02]} 13. Ne5 {[%emt 0:00:42]} Nd5 {[%emt 0:00:17]} 14. Nxc6 {[%emt 0:02:36]} Nxc6 {[%emt 0:00:13]} 15. Qxc6 {[%emt 0:00:02]} Ra6 {[%emt 0:00:02]} 16. Qc4 {[%emt 0:01:36]} Nc3 {[%emt 0:00:11]} 17. e3 {[%emt 0:00:53]} Ra7 {[%emt 0:00:33]} 18. Nc5 {[%emt 0:00:13]} Qd6 {[%emt 0:04:55]} 19. Kh1 {[%emt 0:01:20]} Ba6 {[%emt 0:00:40]} 20. Nxa6 {[%emt 0:00:15]} Qxa6 {[%emt 0:00:22]} 21. Qb3 {[%emt 0:00:24]} Rc7 {[%emt 0:00:34]} 22. Rac1 {[%emt 0:00:22]} Rfc8 {[%emt 0:00:22]} 23. Rc2 {[%emt 0:00:07]} Qc4 {[%emt 0:00:35]} 24. Qxc4 {[%emt 0:01:09]} Rxc4 {[%emt 0:00:02]} 25. Ra1 {[%emt 0:01:17]} b3 {[%emt 0:05:17]} 26. Rb2 {[%emt 0:00:08]} Rb8 {[%emt 0:01:17]} 27. Rc1 {[%emt 0:00:42]} Nxa4 {[%emt 0:00:22]} 28. Rxc4 {[%emt 0:00:25]} Nxb2 {[%emt 0:00:02]} 29. Rc7 {[%emt 0:00:29]} Nd3 {[%emt 0:00:35]} 30. Bf1 {[%emt 0:00:30]} Nxf2+ {[%emt 0:00:03]} 31. Kg2 {[%emt 0:00:02]} b2 {[%emt 0:00:02]} 32. Bd3 {[%emt 0:00:28]} Nxd3 0-1

[Event "RUS-ch Men Rapid 2019"]
[Site "Sochi"]
[Date "2019.10.16"]
[Round "10.30"]
[White "Klimentov, Evgeny"]
[Black "Bryakin, Mikhail"]
[Result "0-1"]
[WhiteElo "2180"]
[BlackElo "2440"]
[Annotator "TA"]
[PlyCount "140"]
[EventDate "2019.10.15"]
[EventType "swiss"]
[EventCountry "RUS"]
[SourceTitle "playchess.com"]
[Source "ChessBase"]
[SourceQuality "1"]

{[%evp 17,140,57,55,43,67,35,44,33,37,21,29,19,22,0,8,-14,34,33,38,26,36,33,50,40,50,42,52,21,23,0,0,0,0,0,0,-17,-6,-45,-24,-50,-40,-42,0,0,0,0,0,0,0,0,0,0,0,-70,-65,-101,-80,-97,-97,-83,-88,-90,-26,-88,-27,-57,0,-59,-47,-88,-8,-8,-8,-8,-8,-8,-8,-8,-8,-8,-8,-8,-8,-8,0,-8,0,-8,0,-43,0,-8,-8,-8,0,0,0,0,0,0,0,0,0,0,0,0,0,-8,-8,-93,0,-93,-93,-93,-93,-93,0,-955,-850,-29964,-29965,-29989,-29990,-29990,-29991]} 1. e4 d5 2. exd5 Nf6 3. d4 Bg4 4. Be2 Bxe2 5. Qxe2 Qxd5 6. Nf3 e6 7. O-O Nc6 8. c3 O-O-O 9. Nbd2 Bd6 10. Nc4 {B01: Scandinavian Defence} Kb8 $146 ({Predecessor:} 10... Rhe8 11. Nxd6+ cxd6 12. Be3 Qh5 13. b4 Kb8 14. b5 Na5 15. c4 Rc8 16. Rac1 d5 17. Bf4+ Ka8 {1-0 (28) Fier,A (2489)-Di Berardino,D (2358) Sao Jose do Rio Preto 2005}) 11. Nxd6 cxd6 12. Bf4 {White is slightly better.} h6 13. Rfd1 g5 14. Bg3 Ne7 15. c4 Qe4 16. Qd2 Nf5 17. Re1 Qc6 18. Qd3 Nxg3 19. hxg3 Rdg8 20. Rad1 Qc7 21. d5 e5 22. Qf5 Rg6 $1 23. Nd2 (23. Rc1 {feels hotter.} Qd7 24. Qc2 Rc8 25. Qb3 Qc7 26. Qe3) 23... Qd7 24. Qxd7 Nxd7 25. b4 b6 26. Rc1 f5 27. Nb3 Rc8 28. Re2 h5 29. c5 dxc5 (29... Rh8 {is more complex.} 30. cxb6 Nxb6 31. Na5 h4 32. Nc6+ Ka8) 30. bxc5 bxc5 31. Rec2 Rd6 32. Nxc5 Nxc5 33. Rxc5 Rxc5 34. Rxc5 $11 {[%mdl 4096] Endgame KR-KR} Kb7 35. Rb5+ (35. a4 $11) 35... Kc7 $15 36. a4 a6 37. Rc5+ Kb6 38. Rc8 Rxd5 39. Rh8 Rd1+ 40. Kh2 Rd2 (40... Rf1 $1 $17 41. Rxh5 Rxf2) 41. Kg1 Rd1+ 42. Kh2 Rf1 43. f3 g4 (43... e4 $17 {...Kc5 is the strong threat.} 44. fxe4 fxe4) 44. Rh6+ $11 Kb7 45. Rxh5 gxf3 46. gxf3 Rf2+ 47. Kg1 Rxf3 48. Kg2 e4 49. Rh6 Rd3 50. Kf2 Rd2+ 51. Ke3 Rd3+ (51... Rb2 {seems wilder.} 52. Rf6 Rb3+ 53. Kf2 Rf3+ 54. Ke2 Rxg3 55. Rxf5 Ra3) 52. Kf2 Rf3+ 53. Kg2 Rd3 54. Kf2 a5 55. Rf6 Rd5 56. Ke3 Re5 57. Rg6 Kc7 58. Ra6 Kd7 59. Rb6 Ke7 60. Ra6 Kf7 61. Rb6 Rc5 {Hoping for ...Rc3+.} 62. Ra6 Rc3+ 63. Kf2 (63. Kf4 $1 $11) 63... Rc2+ ({Better is} 63... Rf3+ $17 64. Kg2 Ra3 65. Rxa5 Ra2+ 66. Kf1 Kf6) 64. Kf1 (64. Ke3 $1 $11 {keeps the balance.}) 64... Ra2 $17 65. Rxa5 Kf6 {Threatens to win with ...Kg5.} 66. Ra8 Ke5 ({Black should try} 66... Kg6 $17 67. Ke1 Kh6) 67. a5 $2 {[%mdl 8192] [#]} (67. Ra5+ $11 Kf6 68. Ra7) 67... e3 $1 $19 68. a6 {[#]} Ke4 $1 {Black mates.} 69. a7 Kf3 {[%cal Ra2a1]} 70. Kg1 e2 {Accuracy: White = 55%, Black = 56%.} 0-1

[Event "RUS-ch Men Rapid 2019"]
[Site "Sochi"]
[Date "2019.10.16"]
[Round "10.31"]
[White "Magomedov, Rashid"]
[Black "Nesterov, Arseniy"]
[Result "0-1"]
[WhiteElo "2083"]
[BlackElo "2484"]
[Annotator "ChessBase"]
[PlyCount "70"]
[EventDate "2019.10.15"]
[EventType "swiss"]
[EventCountry "RUS"]
[SourceTitle "playchess.com"]
[Source "ChessBase"]
[SourceQuality "1"]
[TimeControl "900+10"]

1. e4 {[%emt 0:00:10]} e5 {[%emt 0:00:00]} 2. Nf3 {[%emt 0:00:03]} Nc6 {[%emt 0:00:00]} 3. Bb5 {[%emt 0:00:01]} a6 {[%emt 0:00:00]} 4. Ba4 {[%emt 0:00:00]} Nf6 {[%emt 0:00:00]} 5. d3 {[%emt 0:00:02]} b5 {[%emt 0:00:00]} 6. Bb3 {[%emt 0:00:01]} Bc5 {[%emt 0:00:00]} 7. c3 {[%emt 0:00:06]} d6 {[%emt 0:00:00]} 8. Nbd2 {[%emt 0:00:03]} O-O {[%emt 0:00:12]} 9. Nf1 {[%emt 0:00:06]} h6 {[%emt 0:00:03]} 10. Be3 {[%emt 0:00:08]} Bxe3 {[%emt 0:00:18]} 11. Nxe3 {[%emt 0:01:54]} Ne7 {[%emt 0:00:04]} 12. Nh4 {[%emt 0:00:49]} d5 {[%emt 0:01:09]} 13. Qf3 {[%emt 0:02:25]} d4 {[%emt 0:00:48]} 14. cxd4 {[%emt 0:00:02]} Qxd4 {[%emt 0:00:08]} 15. O-O {[%emt 0:01:09]} Qxb2 {[%emt 0:01:03]} 16. Rac1 {[%emt 0:00:39]} c6 {[%emt 0:00:46]} 17. Nef5 {[%emt 0:03:41]} Nxf5 {[%emt 0:00:33]} 18. Nxf5 {[%emt 0:00:38]} Bxf5 19. Qxf5 {[%emt 0:00:01]} Rac8 {[%emt 0:01:26]} 20. Rc5 {[%emt 0:00:28]} Qd4 {[%emt 0:00:25]} 21. Rxe5 {[%emt 0:00:29]} Rfe8 {[%emt 0:00:53]} 22. Rc5 {[%emt 0:01:17]} Qxd3 {[%emt 0:00:29]} 23. Bc2 {[%emt 0:02:54]} Qd6 {[%emt 0:00:12]} 24. Rd1 {[%emt 0:00:19]} Qe7 {[%emt 0:00:08]} 25. Rc3 {[%emt 0:01:29]} g6 {[%emt 0:00:01]} 26. Qf4 {[%emt 0:00:09]} Nd5 {[%emt 0:00:46]} 27. Qg3 {[%emt 0:00:15]} Nxc3 {[%emt 0:00:04]} 28. Qxc3 {[%emt 0:00:01]} Qe5 {[%emt 0:00:12]} 29. Qe3 {[%emt 0:00:07]} Rcd8 {[%emt 0:00:11]} 30. Re1 {[%emt 0:00:06]} Kg7 {[%emt 0:00:06]} 31. g3 {[%emt 0:00:19]} c5 {[%emt 0:00:10]} 32. h4 {[%emt 0:00:09]} c4 {[%emt 0:00:02]} 33. Kg2 {[%emt 0:00:07]} Rd7 {[%emt 0:00:36]} 34. Bd1 {[%emt 0:00:19]} Rd3 {[%emt 0:00:12]} 35. Qa7 {[%emt 0:00:09]} Qd4 {[%emt 0:00:06]} 0-1

[Event "RUS-ch Men Rapid 2019"]
[Site "Sochi"]
[Date "2019.10.16"]
[Round "10.32"]
[White "Kabanov, Nikolai"]
[Black "Mnatsakanian, Arsen"]
[Result "1-0"]
[WhiteElo "2455"]
[BlackElo "2138"]
[Annotator "ChessBase"]
[PlyCount "89"]
[EventDate "2019.10.15"]
[EventType "swiss"]
[EventCountry "RUS"]
[SourceTitle "playchess.com"]
[Source "ChessBase"]
[SourceQuality "1"]
[TimeControl "900+10"]

1. e4 d6 2. d4 Nf6 3. Nc3 g6 4. Be3 Bg7 5. Qd2 c6 6. Nf3 Nbd7 7. Bh6 Bxh6 8. Qxh6 Qa5 9. Bd3 b5 10. O-O b4 11. Ne2 Ba6 12. Bxa6 Qxa6 13. Ng3 Qc4 14. b3 Qb5 15. a3 c5 16. e5 dxe5 17. dxe5 Nd5 18. Qg7 Rf8 19. Rfd1 Nc3 20. Rd3 a5 21. Ng5 c4 22. Re3 O-O-O 23. axb4 axb4 24. Nxf7 cxb3 25. cxb3 Rde8 26. e6 Nf6 27. Nd6+ exd6 28. Ra8+ Qb8 29. Rxb8+ Kxb8 30. e7 Rg8 31. Qxf6 Kc7 32. Qf7 d5 33. Qf4+ Kd7 34. Qxb4 Rc8 35. Rxc3 Rxc3 36. Qxc3 Kxe7 37. Qc7+ Kf6 38. Qd6+ Kg7 39. Qxd5 Re8 40. h3 Rf8 41. Ne4 Rf5 42. Qd4+ Kg8 43. g4 Rf3 44. Ng5 Rf8 45. Qd7 1-0

[Event "RUS-ch Men Rapid 2019"]
[Site "Sochi"]
[Date "2019.10.16"]
[Round "11.3"]
[White "Oganian, Miran"]
[Black "Bocharov, Dmitry"]
[Result "0-1"]
[WhiteElo "2436"]
[BlackElo "2519"]
[Annotator "RC"]
[PlyCount "136"]
[EventDate "2019.10.15"]
[EventType "swiss"]
[EventCountry "RUS"]
[SourceTitle "playchess.com"]
[Source "ChessBase"]
[SourceQuality "1"]
[TimeControl "900+10"]

1. d4 {[%emt 0:00:00]} Nf6 {[%emt 0:00:00]} 2. c4 {[%emt 0:00:00]} e6 {[%emt 0:00:00]} 3. g3 {[%emt 0:00:00]} d5 {[%emt 0:00:00]} 4. Nf3 {[%emt 0:00:00]} Bb4+ {[%emt 0:00:00]} 5. Bd2 {[%emt 0:00:00]} Be7 {[%emt 0:00:00]} 6. Bg2 {[%emt 0:00:00]} O-O {[%emt 0:00:00]} 7. O-O {[%emt 0:00:00]} Nbd7 {[%emt 0:00:00]} 8. Qc2 {[%emt 0:00:00]} Ne4 {[%emt 0:00:00]} 9. Nc3 {[%emt 0:01:02]} Nxd2 {[%emt 0:00:09]} 10. Nxd2 {[%emt 0:00:04]} c6 {[%emt 0:00:02]} 11. e4 {[%emt 0:00:19]} dxc4 {[%emt 0:00:24]} 12. Nxc4 {[%emt 0:00:07]} b5 {[%emt 0:00:37]} 13. Ne3 {[%emt 0:00:36]} Qb6 {[%emt 0:00:20]} 14. Rfd1 {[%emt 0:00:08]} Rb8 {[%emt 0:00:49]} 15. Rac1 {[%emt 0:01:16]} c5 {[%emt 0:01:50]} 16. d5 {[%emt 0:02:34]} c4 {[%emt 0:03:39]} 17. b3 {[%emt 0:01:58]} Bc5 {[%emt 0:00:30]} 18. Re1 {[%emt 0:02:01]} cxb3 {[%emt 0:02:23]} 19. Qxb3 {[%emt 0:02:08]} Ne5 {[%emt 0:01:45]} 20. Rcd1 {[%emt 0:00:07]} Bd7 {[%emt 0:01:31]} 21. dxe6 {[%emt 0:01:49]} Bxe6 {[%emt 0:01:08]} 22. Ncd5 {[%emt 0:00:19]} Qa5 {[%emt 0:01:03]} 23. Rc1 {[%emt 0:01:30]} Rfc8 {[%emt 0:00:20]} 24. Red1 {[%emt 0:00:54]} Kh8 {[%emt 0:00:36]} 25. Rb1 {[%emt 0:00:54]} h6 {[%emt 0:00:19]} 26. h3 {[%emt 0:00:07]} b4 {[%emt 0:00:54]} 27. Nf5 {[%emt 0:00:27]} Bf8 {[%emt 0:00:12]} 28. Nd4 {[%emt 0:00:25]} Bd7 {[%emt 0:00:09]} 29. Rdc1 {[%emt 0:00:21]} Rxc1+ {[%emt 0:00:34]} 30. Rxc1 {[%emt 0:00:01]} Rc8 {[%emt 0:00:01]} 31. Rxc8 {[%emt 0:00:22]} Bxc8 {[%emt 0:00:02]} 32. Nc2 {[%emt 0:00:08]} Nc6 {[%emt 0:00:07]} 33. Qc4 {[%emt 0:00:22]} Qc5 {[%emt 0:00:12]} 34. Qb3 {[%emt 0:00:17]} a5 {[%emt 0:00:04]} 35. Bf1 {[%emt 0:00:05]} Be6 {[%emt 0:00:06]} 36. Nce3 {[%emt 0:00:23]} Nd4 {[%emt 0:00:21]} 37. Qd1 {[%emt 0:00:08]} Kg8 {[%emt 0:00:13]} 38. Bc4 {[%emt 0:00:04]} Bxh3 {[%emt 0:00:08]} 39. Nf4 {[%emt 0:00:03]} Bc8 {[%emt 0:00:07]} 40. Bd5 {[%emt 0:00:19]} Ne6 {[%emt 0:00:26]} 41. Bxe6 {[%emt 0:00:13]} Bxe6 {[%emt 0:00:08]} 42. Nxe6 {[%emt 0:00:05]} fxe6 {[%emt 0:00:01]} 43. Qd7 {[%emt 0:00:01]} Qe5 {[%emt 0:00:06]} 44. Qc6 {[%emt 0:00:31]} Bc5 {[%emt 0:00:02]} 45. Nf1 {[%emt 0:00:10]} Kh7 {[%emt 0:00:04]} 46. Kg2 {[%emt 0:00:01]} a4 {[%emt 0:00:06]} 47. Nd2 {[%emt 0:00:10]} Qd4 {[%emt 0:00:06]} 48. Qxe6 {[%emt 0:00:08]} Qxf2+ {[%emt 0:00:02]} 49. Kh3 {[%emt 0:00:01]} Be3 {[%emt 0:00:19]} 50. Nc4 {[%emt 0:00:11]} Qf1+ {[%emt 0:00:03]} 51. Kg4 {[%emt 0:00:05]} Qd1+ {[%emt 0:00:27]} 52. Kh3 {[%emt 0:00:11]} Qh1+ {[%emt 0:00:35]} 53. Kg4 {[%emt 0:00:00]} h5+ {[%emt 0:00:07]} 54. Kf5 {[%emt 0:00:01]} Qh3+ {[%emt 0:00:01]} 55. Ke5 {[%emt 0:00:03]} Bd4+ {[%emt 0:00:03]} 56. Kd5 {[%emt 0:00:04]} Qxe6+ {[%emt 0:00:15]} 57. Kxe6 {[%emt 0:00:02]} b3 {[%emt 0:00:07]} 58. axb3 {[%emt 0:00:41]} axb3 {[%emt 0:00:01]} 59. Kd5 {[%emt 0:00:04]} b2 {[%emt 0:00:07]} 60. Na3 {[%emt 0:00:09]} Bf2 {[%emt 0:00:08]} 61. e5 {[%emt 0:00:02]} Bxg3 {[%emt 0:00:04]} 62. e6 {[%emt 0:00:01]} Kg8 {[%emt 0:00:05]} 63. Kc6 {[%emt 0:00:03]} Kf8 {[%emt 0:00:07]} 64. Kd7 {[%emt 0:00:01]} Bh4 {[%emt 0:00:01]} 65. Nb1 {[%emt 0:00:04]} Bf6 {[%emt 0:00:04]} 66. Nc3 {[%emt 0:00:47]} h4 {[%emt 0:00:03]} 67. Nd5 {[%emt 0:00:44]} b1=Q {[%emt 0:00:07]} 68. Nxf6 {[%emt 0:00:02]} Qd3+ {[%emt 0:00:05]} 0-1

[Event "RUS-ch Men Rapid 2019"]
[Site "Sochi"]
[Date "2019.10.16"]
[Round "11.4"]
[White "Golubov, Saveliy"]
[Black "Ponkratov, Pavel"]
[Result "0-1"]
[WhiteElo "2469"]
[BlackElo "2621"]
[Annotator "TA"]
[PlyCount "94"]
[EventDate "2019.10.15"]
[EventType "swiss"]
[EventCountry "RUS"]
[SourceTitle "playchess.com"]
[Source "ChessBase"]
[SourceQuality "1"]

{[%evp 10,112,0,-15,0,-6,-9,-6,0,-22,0,0,-2,-6,0,-6,22,2,12,-2,-5,-30,-4,-21,-25,-18,-11,-25,-20,-20,-14,-23,-11,-16,-11,-26,-10,-35,-20,-33,-29,-34,-20,-33,-14,-35,-31,-35,-22,-45,-2,-39,-7,-22,0,-16,-1,-20,19,10,5,0,17,-11,-4,-19,-12,-45,-49,-79,-56,-67,-53,-80,-41,-64,-58,-80,-83,-75,-66,-51,-39,-26,-25,-78,-82,-137,-87,-91,-90,-328,-339,-320,-8,-8,-6,-314,-247,-260,-265,-1260,-1235,-1222,-1221]} 1. d4 Nf6 2. Nf3 c5 3. e3 g6 4. Bd3 Bg7 5. O-O O-O 6. b3 cxd4 {A48: 1 d4 Nf6 2 Nf3 g6: Torre, London and Colle Systems} 7. exd4 Nc6 8. Bb2 a6 $146 {The position is equal.} ({Predecessor:} 8... d5 9. Re1 Bg4 10. h3 Bxf3 11. Qxf3 Ne4 12. c3 f5 13. Qe2 e5 14. f3 exd4 15. fxe4 fxe4 16. Bb5 Qb6 {0-1 (24) Palm,N (2332)-Edouard,R (2679) Helsingor 2014}) 9. a3 b5 10. Re1 Rb8 11. Nbd2 a5 12. Ne5 b4 13. axb4 axb4 14. Bc4 Bb7 15. Ndf3 Na5 16. Bd3 d6 17. Nc4 Nxc4 18. bxc4 e6 19. Nd2 Nd7 20. c3 bxc3 21. Bxc3 Qc7 22. Rc1 Rfc8 23. Ba1 Qa5 24. Bc3 Qb6 25. Rb1 Qd8 26. Rc1 Nf6 27. Ba1 Qa5 28. Bc3 {[#]} Qg5 $1 {[%csl Gb7][%cal Rg5g2][%mdl 512]} 29. Nf3 Qh5 (29... Qg4 {seems wilder.} 30. Rb1 Bxf3 31. Qxf3 Qxf3 32. gxf3 Nd7) 30. Nd2 Qh6 31. h3 Qf4 32. Qe2 Nh5 33. Be4 Ba6 34. g3 Qg5 $40 {[%mdl 128] Black attacks.} 35. h4 Qd8 36. Bd3 Nf6 37. Ra1 Bb7 38. Rac1 Qd7 39. Ba1 Qc6 {[%csl Gb7][%cal Rc6h1]} 40. f3 Qb6 41. Qf2 Qa5 42. Bc3 Qc7 43. Ba1 Ra8 44. Bc3 Nh5 45. Kh2 Ra3 46. Nb1 $1 {[%cal Rb1a3]} Ra4 47. Nd2 (47. d5 $1 $11) 47... Rca8 {Played: Bg7-h6} 0-1

[Event "RUS-ch Men Rapid 2019"]
[Site "Sochi"]
[Date "2019.10.16"]
[Round "11.5"]
[White "Zakaryan, David"]
[Black "Antipov, Mikhail Al."]
[Result "1-0"]
[WhiteElo "2338"]
[BlackElo "2567"]
[Annotator "TA"]
[PlyCount "157"]
[EventDate "2019.10.15"]
[EventType "swiss"]
[EventCountry "RUS"]
[SourceTitle "playchess.com"]
[Source "ChessBase"]
[SourceQuality "1"]

{[%evp 14,157,23,27,46,16,20,10,10,6,17,0,42,20,24,27,39,38,41,40,38,35,46,33,35,33,87,53,90,83,122,83,107,110,126,127,119,121,116,115,109,122,106,33,48,18,12,14,62,57,79,72,60,69,169,176,172,180,107,0,126,135,209,191,170,157,147,53,81,65,106,0,0,0,0,0,0,0,0,0,0,0,0,0,0,0,0,0,0,0,0,0,0,0,0,0,0,0,0,0,0,0,0,0,0,0,0,0,0,0,0,0,0,0,0,0,0,0,0,0,0,0,12847,12847,12847,12847,12850,27997,27998,0,0,0,0,0,0,0,27998,27997,27998,27998,27999,27997,27998,27998,27999,27999]} 1. e4 c5 2. Nc3 Nc6 3. Nf3 g6 4. d4 cxd4 5. Nxd4 Bg7 6. Be3 Nf6 7. Bc4 O-O 8. Bb3 Re8 {B35: Sicilian: Accelerated Dragon with 5 Nc3: main line} 9. Nxc6 (9. f3 d5 10. exd5 Nb4 11. Nde2 e6 12. d6 Nbd5 13. Bd4 Qxd6 14. Bxd5 exd5 15. Qd2 b5 16. Nxb5 {½-½ (26) Caruana,F (2819)-Dubov,D (2700) Paris 2019}) 9... dxc6 10. Qxd8 Rxd8 {The position is equal.} 11. f3 Ne8 12. Ke2 Nc7 $146 ({Predecessor:} 12... b6 13. Rad1 Ba6+ 14. Kf2 Nd6 15. a4 Nb7 16. Rxd8+ Rxd8 {0-1 (43) Stets,D (2415)-Cornette,M (2593) Rochefort 2017}) 13. Rad1 Re8 14. a4 e5 15. a5 Ne6 16. Bxe6 Bxe6 17. Na4 f5 18. h3 Bc4+ 19. Kd2 Re7 (19... fxe4 $14 20. fxe4 Bb5) 20. b3 Bf7 21. Kc3 Bf6 22. Rd2 Bh4 23. Rhd1 Be8 24. Rd8 Be1+ 25. Rxe1 Rxd8 26. Bg5 {[%mdl 64] Skewer} Rdd7 27. Bxe7 Rxe7 28. exf5 (28. Rd1 $16) 28... gxf5 $16 {[%mdl 4096] Endgame KRB-KRN} 29. f4 e4 30. g4 Bd7 31. Nc5 Bc8 32. g5 $1 Kg7 33. Nd3 Kg6 (33... Rd7 $14) 34. Ne5+ $18 Kh5 35. Rd1 Kh4 36. Rd8 ({White should try} 36. Kd4 $1 $16) 36... Be6 (36... Kg3 $1 $11 {keeps the balance.} 37. Rxc8 Kxf4) 37. Kd4 $16 Kxh3 (37... Bf7 $16) 38. Ke3 $18 Kg3 39. b4 {[%mdl 1024] White has strong compensation.} Bf7 40. Rf8 (40. Rd6 $16) 40... Bg6 $1 $14 {[#]} 41. Rf6 $1 Rg7 {[#]} 42. a6 $1 {[%mdl 512]} bxa6 $11 43. Rxc6 ({Don't play} 43. Nxg6 hxg6 44. Rxc6 Kg4 $17) 43... Rb7 44. Nxg6 hxg6 45. Rxg6 {KR-KR} Rc7 46. Rf6 Kg4 47. g6 Rc3+ 48. Kd4 Rc8 $1 49. Ke3 Rc3+ $1 50. Kd4 Rc8 $1 51. Ke5 e3 {( -> ...e2)} 52. Re6 $1 {g7 is the strong threat.} e2 53. Kd6 Kf3 54. Ke7 $1 Rc6 {Threatens to win with ...Rxe6+.} ({But not} 54... Rxc2 $6 55. g7 $18) 55. Rxe2 Rxg6 56. Re6 Rg4 57. Rxa6 Rxf4 58. c3 Rh4 59. b5 f4 60. c4 {Black should prevent c5.} Ke4 61. c5 Rh7+ 62. Kd8 f3 63. c6 f2 64. Ra1 {Hoping for c7.} Kd5 65. c7 Rh8+ 66. Kd7 Rh7+ 67. Kc8 {And now Kb8 would win.} Kd6 $2 {[%mdl 8192]} (67... Kc5 $11) 68. Rd1+ Kc5 69. Kb8 Rxc7 70. Kxc7 Kxb5 $18 {KR-KPP} 71. Kd6 Kc4 $1 72. Rf1 a5 73. Rxf2 $11 {KR-KP} a4 $1 74. Rf4+ Kb3 $2 {[%mdl 8192] [#]} (74... Kb5 $11) 75. Kc5 $1 {White mates.} a3 76. Rf3+ Kb2 77. Kb4 a2 78. Rf2+ Kb1 79. Kb3 {Accuracy: White = 68%, Black = 57%.} 1-0